000 00473nam a22001697a 4500
003 OSt
005 20221031185248.0
008 221006b |||||||| |||| 00| 0 eng d
040 _cBiblioteca Lado V
082 _a708
_bW699p
100 _993
_aWillemsen, Marlous
_eeditor
245 _aPrince Claus Awards 2002/
246 _aPremios Principe Claus 2002/
260 _c2002
_aAmsterdam
300 _a71p.
_c17x23cm
942 _2ddc
_c1
_h708
_iW699p
_n0
999 _c2443
_d2443